Délmagyarország. - 1973. december 22., Szombat
Elmentve itt :
| Dokumentumtípus: | Újság |
|---|---|
| Megjelent: |
1973-12-22
|
| Sorozat: | Délmagyarország
63 No. 299 |
| Online Access: | http://dmarchiv.bibl.u-szeged.hu/19158 |
| LEADER | 00490nas a2200145 i 4500 | ||
|---|---|---|---|
| 001 | delm19158 | ||
| 005 | 20200415081032.0 | ||
| 008 | 171215s1973 hu n o 0|| hun d | ||
| 022 | |a 0133-025X | ||
| 040 | |a SZTE Délmagyarország Archívum |b hun | ||
| 041 | |a hun | ||
| 245 | 0 | 0 | |a Délmagyarország. - 1973. december 22., Szombat |h [elektronikus dokumentum] |
| 260 | |c 1973-12-22 | ||
| 490 | 0 | |a Délmagyarország |v 63 No. 299 | |
| 856 | 4 | 0 | |u http://dmarchiv.bibl.u-szeged.hu/19158/1/dm_1973_299.pdf |z Dokumentum-elérés |